CULTIVO EN INVERNADERO : (Registro nro. 50462)
[ vista simple ]
| 000 -LEADER | |
|---|---|
| fixed length control field | 01172nam a2200229 a 4500 |
| 001 - CONTROL NUMBER | |
| control field | 50462 |
| 005 - DATE AND TIME OF LATEST TRANSACTION | |
| control field | 20180714035531.0 |
| 008 - FIXED-LENGTH DATA ELEMENTS--GENERAL INFORMATION | |
| fixed length control field | 140415s1991 sp 000 0 spa d |
| 020 ## - INTERNATIONAL STANDARD BOOK NUMBER | |
| International Standard Book Number | 847114347X |
| 041 ## - LANGUAGE CODE | |
| Language code of text/sound track or separate title | spa |
| 082 ## - DEWEY DECIMAL CLASSIFICATION NUMBER | |
| Classification number | 631.583 |
| Item number | ALP |
| 100 1# - MAIN ENTRY--PERSONAL NAME | |
| Personal name | ALPI, A. |
| 245 10 - TITLE STATEMENT | |
| Title | CULTIVO EN INVERNADERO : |
| Remainder of title | ACTUAL ORIENTACION CIENTIFICA Y TECNICA |
| 250 ## - EDITION STATEMENT | |
| Edition statement | 3a ed. |
| 260 ## - PUBLICATION, DISTRIBUTION, ETC. | |
| Place of publication, distribution, etc. | ESPAÑA : |
| Name of publisher, distributor, etc. | EDICIONES MUNDI-PRENSA, |
| Date of publication, distribution, etc. | 1991 |
| 300 ## - PHYSICAL DESCRIPTION | |
| Extent | 561 |
| Dimensions | 16.5 x 1.1 x 23.4 |
| 500 ## - GENERAL NOTE | |
| General note | TRADUCCION DE CULTIVAZIONE IN SERRA |
| 520 ## - SUMMARY, ETC. | |
| Summary, etc. | ESTA OBRA EN SU TERCERA EDICION AMPLIADA Y PUESTA AL DIA, TRATA DE OFRECER, DE FORMA CLARA Y CONCISA, LOS CONOCIMIENTOS BASICOS SOBRE EL CULTIVO FORZADO, CULTIVO PROTEGIDO O CULTIVO EN INVERNADERO. CONTIENE LOS TEMAS BASICOS SOBRE LA CONSTRUCCION DE TUNELES, INVERNADEROS Y OTROS TIPOS DE PROTECCIONES, ASI COMO SOBRE LOS MATERIALES CON LOS QUE ESTOS SE REALIZAN. INCLUYE SEGUIMIENTO CONOCIMIENTOS BASICOS Y TECNICAS APLICADAS SOBRE LOS FACTORES AMBIENTALES EN EL INTERIOR DE LOS INVERNADER |
| 650 14 - SUBJECT ADDED ENTRY--TOPICAL TERM | |
| Topical term or geographic name entry element | CULTIVOS |
| General subdivision | INVERNADEROS |
| -- | MECANIZACION AGRICOLA |
| 700 1# - ADDED ENTRY--PERSONAL NAME | |
| Personal name | CERISOLA, C. I. |
| Relator term | tr. |
| 700 1# - ADDED ENTRY--PERSONAL NAME | |
| Personal name | TOGNONI, F. |
| Relator term | coaut. |
| Withdrawn status | Lost status | Source of classification or shelving scheme | Damaged status | Not for loan | Collection code | Home library | Current library | Shelving location | Date acquired | Source of acquisition | Inventory number | Total Checkouts | Total Renewals | Full call number | Barcode | Date last seen | Date last checked out | Price effective from | Koha item type |
|---|---|---|---|---|---|---|---|---|---|---|---|---|---|---|---|---|---|---|---|
| Dewey Decimal Classification | General | Biblioteca Karol Wojtyla | Biblioteca Karol Wojtyla | Sala general | 03/12/2013 | Compra | 151000000000000000013048 | 7 | 5 | 631.583 ALP | 75221 | 11/03/2026 | 13/11/2025 | 03/12/2013 | Libro |